| 000 | 01144nam0a22003011 4500 | ||
|---|---|---|---|
| 001 | RU\NLR\INFOCOMM_89\5000596977 | ||
| 005 | 20250613095546.0 | ||
| 035 | _a(NLR Aleph) 009298477 | ||
| 090 |
_a9264131 _c9264131 |
||
| 100 | _a20101012d1961 |||y0rusy50 ca | ||
| 101 | 0 | _aeng | |
| 102 | _aRU | ||
| 105 | _ay ||||000|y | ||
| 200 | 1 |
_aAn experimental investigation of CP-invariance consequences in K⁰₂ decays _fM. Kh. Anikina, D. Neagu, E. O. Okonov [a. o.] |
|
| 210 |
_aДубна _d1961 |
||
| 215 |
_a8 с. _d29 см |
||
| 225 | 1 |
_a[Издания] _fОбъедин. ин-т ядерных исследований _iЛаборатория высоких энергий _vD-785 |
|
| 309 | _aОтпечат. множит. аппаратом | ||
| 320 | _aБиблиогр.: с. 8 | ||
| 606 |
_aМезонин _xРаспад _xЭкспериментальные исследования _2nlr_sh1 |
||
| 686 |
_aФз-1640 _2rubbk |
||
| 701 | 1 |
_9z01790 _aAnikina _bM. Ch. _4070 |
|
| 790 | 1 |
_9z01701 _aAnikina _bM. Kh. _4070 |
|
| 801 | 1 |
_aRU _bNLR _c20101012 |
|
| 801 | 0 |
_aRU _bNLR _gPSBO |
|
| 852 |
_aNLR _jP11/3130 |
||
| 942 | _cBOOK | ||
| 980 | _aNB | ||